Ciudades de Eurocopa 1996 - Estadísticas

Estadísticas generales
  • Esta prueba ha sido intentada 15 veces
  • La puntuación promedio es 6 de 8
Estadísticas de respuestas
Imagen Respuesta % Correcto
Londres
100%
Birmingham
93%
Liverpool
93%
Mánchester
93%
Newcastle
64%
Leeds
57%
Nottingham
29%
Sheffield
29%
No se encontraron pruebas coincidentes
Distribución de puntuación
Porcentaje de gente con cada puntuación
Porcentaje por número respondido
Historial de tus puntuaciones
No has intentado esta prueba.